El Mercado de Capitales en México /

-д хадгалсан:
Номзүйн дэлгэрэнгүй
Үндсэн зохиолч: Basch, Antonin (autor)
Формат: Ном
Хэл сонгох:испани
Хэвлэсэн: México : Centro de Estudios Monetarios Latinoamericanos, 1968
Нөхцлүүд:
Шошгууд: Шошго нэмэх
Шошго байхгүй, Энэхүү баримтыг шошголох эхний хүн болох!

MARC

LEADER 00000nam^a2200000^a^4500
001 000014649
005 20250521000000.0
009 20260310083951.737
037 |a Acervo ITESO - Biblioteca 
041 |a ESP 
082 |a 332. 60972  |b BAS 
100 |a Basch, Antonin  |e (autor) 
245 1 3 |a El Mercado de Capitales en México /  |c Antonin Basch. 
264 1 |a México :  |b Centro de Estudios Monetarios Latinoamericanos,  |c 1968 
300 |a 123 p. 
336 |a texto  |b txt  |2 rdacontenido 
337 |a sin mediación  |b n  |2 rdamedio 
338 |a volumen  |b nc  |2 rdasoporte 
649 |a XX 
650 |a Inversiones -  |z México 
910 |a Fondo General 
920 |a Impresos - Libros 
930 |a Colección General 
905 |a 101 
901 |a 0146490100  |b IT1  |c ACC  |i 014649  |u 20250521 
902 |a https://opac.biblio.iteso.mx/vufind/Record/000014649